| 000 | 01670nam0a2200289 4500 | ||
|---|---|---|---|
| 001 | RU\NLR\bibl\1525055 | ||
| 005 | 20250616032136.0 | ||
| 010 |
_a978-5-7638-1942-7 _9200 |
||
| 021 |
_aRU _b2010-36524 _92445 |
||
| 035 | _a(NLR Aleph) 001516404 | ||
| 090 |
_a112795 _c112795 |
||
| 100 | _a20100621d2010 |||y0rusy50 ca | ||
| 101 | 0 | _arus | |
| 102 | _aRU | ||
| 105 | _aa ||||||||| | ||
| 200 | 1 |
_aТеоретическая механика. Статика _eучебное пособие для студентов, обучающихся по специальностям 270102.65 "Промышленное и гражданское строительство", 270115.65 "Экспертиза и управление недвижимостью", 270205.65 "Автомобильные дороги и аэродромы" и по направлению подготовки бакалавров 270100.65 "Строительство" _fН.Н. Королькова _gМ-во образования и науки РФ, Сиб. федер. ун-т, Хакас. техн. ин-т - Фил. ФГОУ ВПО "Сиб. федер. ун-т" |
|
| 210 |
_aАбакан _cРИОХТИ - филиала СФУ _d2010 |
||
| 215 |
_a87 с. _cил. _d21 |
||
| 320 | _aБиблиогр.: с. 86 (6 назв.) | ||
| 606 | 1 |
_aСтатика _jУчебные издания для высших учебных заведений _91431345 _3RU\NLR\auth\66293871 |
|
| 686 | _aВ232я73-1 | ||
| 700 | 1 |
_aКоролькова _bН. Н. _gНадежда Николаевна _4070 |
|
| 801 | 0 |
_aRU _bNLR _c20100621 _gRCR |
|
| 801 | 1 |
_aRU _bNLR _c20100621 |
|
| 942 | _cBOOK | ||
| 980 | _aNB | ||